Catálogo

DERECHO CONSTITUCIONAL (Registro nro. 55515)

Detalles MARC
000 -LEADER
fixed length control field 01075nam a2200217 a 4500
001 - CONTROL NUMBER
control field 55515
005 - DATE AND TIME OF LATEST TRANSACTION
control field 20230207104043.0
008 - FIXED-LENGTH DATA ELEMENTS--GENERAL INFORMATION
fixed length control field 140415s2009 mx 000 0 spa d
020 ## - INTERNATIONAL STANDARD BOOK NUMBER
International Standard Book Number 9789706139269
041 ## - LANGUAGE CODE
Language code of text/sound track or separate title spa
082 ## - DEWEY DECIMAL CLASSIFICATION NUMBER
Classification number 342
Item number ART
100 1# - MAIN ENTRY--PERSONAL NAME
Personal name Arteaga Nava, Elisur,
9 (RLIN) 6776
245 10 - TITLE STATEMENT
Title DERECHO CONSTITUCIONAL
250 ## - EDITION STATEMENT
Edition statement 3a ed.
260 ## - PUBLICATION, DISTRIBUTION, ETC.
Place of publication, distribution, etc. MEXICO :
Name of publisher, distributor, etc. OXFORD UNIVERSITY PRESS,
Date of publication, distribution, etc. 2009
300 ## - PHYSICAL DESCRIPTION
Extent 826
Dimensions 17 x 5 x 22.8
490 ## - SERIES STATEMENT
Series statement TEXTOS JURIDICOS UNIVERSITARIOS
520 ## - SUMMARY, ETC.
Summary, etc. ELISUR ARTEAGA NAVA , EL CONSTITUCIONALISTA MEXICANO MAS RECONOCIDO EN EL SIGLO XXI, INICIADOR DEL DERECHO CONSTITUCIONAL ESTATAL Y DE LA REALPOLITIK, PRESENTA LA TERCERA EDICION DE ESTA OBRA, QUE YA ES UN CLASICO EN LA MATERIAL. EL DERECHO CONSTITUCIONAL SE HA VUELTO UNA CIENCIA JURIDICA DE APLICACION PRACTICA. POR ELLO, EL AUTOR ELABORO UN TEXTO QUE SIN PASAR POR ALTO LAS TEORIAS Y DOCTRINAS CLASICAS DEL DERECHO PUBLICO Y SIN DEJAR DE ABORDAR LOS TEMAS CENTRALES DE LOS CURSOS DE LICE
650 14 - SUBJECT ADDED ENTRY--TOPICAL TERM
Topical term or geographic name entry element DERECHO CONSTITUCIONAL
700 1# - ADDED ENTRY--PERSONAL NAME
Personal name RUIZ MASSIEU, JOSE FRANCISCO
Relator term pról.
Existencias
Withdrawn status Lost status Source of classification or shelving scheme Damaged status Not for loan Collection code Home library Current library Shelving location Date acquired Source of acquisition Total Checkouts Full call number Barcode Date last seen Date last checked out Price effective from Koha item type Inventory number Total Renewals
    Dewey Decimal Classification     General Biblioteca Karol Wojtyla Biblioteca Karol Wojtyla Sala general 03/12/2013 Compra 3 342 ART 83300 05/01/2026 14/09/2022 03/12/2013 Libro 151000000000000000050355  
    Dewey Decimal Classification   Consulta en sala General Tehuacán Tehuacán Sala general 03/12/2013 Compra   342.73 ART 506757 08/01/2025 08/06/2018 03/12/2013 Reserva permanente    
    Dewey Decimal Classification     General Tehuacán Tehuacán Sala general 03/12/2013 Compra 3 342.73 ART 506737 08/01/2025 24/02/2020 03/12/2013 Libro   1
    Dewey Decimal Classification     General Tehuacán Tehuacán Sala general 03/12/2013 Compra 3 342.73 ART 505703 08/01/2025 24/02/2020 03/12/2013 Libro